| 000 | 00578nam a2200217 a 4500 | ||
|---|---|---|---|
| 001 | BRL_991 | ||
| 005 | 20190320211001.0 | ||
| 008 | 301013s1963----mx-#######---#000-j#spa-# | ||
| 041 | _aspa | ||
| 044 | _amx | ||
| 050 | 4 |
_aPQ7297 _b.L48 75 1963 |
|
| 100 | 1 |
_aNovo, Salvador _910738 |
|
| 245 | 1 | 0 |
_aLa guerra de las gordas _cpor Salvador Novo. |
| 260 |
_aMéxico _bFondo de Cultura Económica _c1963 |
||
| 300 |
_a152 p. _c18 cm. |
||
| 440 | 0 |
_aLetras mexicanas _v75 _925513 |
|
| 500 | _aAu1095 | ||
| 650 | 1 | 4 |
_aTeatro mexicano _ySiglo XX _925043 |
| 902 | _aGRL | ||
| 942 |
_2lcc _cB |
||
| 999 |
_c9803 _d9803 |
||